000 00433nam a2200181Ia 4500
001 9759
005 20260306161742.0
008 260306t2004||||xx |||||||||||||| ||spa||
041 _aESP
082 _a412
_bT35
100 _aTéllez, Roberto
_eAUT
245 0 _aConformación etimológica del español
260 _c2004
300 _avii, 236 páginas :
_c24 cm.
650 _aGEN
654 _aCHU
942 _cLIB
_dJUS
_fJUS
_2ddc
_n
999 _c9759
_d9759